Estadísticas para Obras pictóricas y sus autores - 3

Haz click aquí para intentar la prueba.

Estadísticas generales

  • Esta prueba ha sido intentada 80 veces
  • La puntuación promedio es 8 de 16

Estadísticas de respuestas

Respuesta% Correcto
Pablo Picasso
100%
Francisco de Goya
86%
Claude Monet
84%
Miguel Ángel
84%
Frida Kahlo
81%
Vincent van Gogh
78%
Andy Warhol
64%
El Greco
59%
Johannes Vermeer
44%
Jackson Pollock
39%
Pierre-Auguste Renoir
38%
Paul Gauguin
36%
Caspar David Friedrich
25%
Grant Wood
9%
Jacques-Louis David
8%
Clara Peeters
2%

Distribución de puntuación

Porcentaje por número respondido

Porcentaje de gente con cada puntuación

Historial de tus puntuaciones

No has intentado esta prueba.